000 00689nam a22002297a 4500
003 UA-OsUOA
001 87335
007 ta
008 20120918b un ||||| |||| 00| 0 ukr d
100 _aФирбюхер Г.
090 _a9
_bФ62
942 _cBK
040 _aUA-OsUOA
_brus
_cUA-OsUOA
_dUA-OsUOA
245 _aАрмения, 1915. Уничтожение Турцией культурного народа
_cОтв. ред. В. А. Микаелян
300 _a96 с.
955 _a4
041 _arus
080 _a9
260 _aЕр.
_bИзд-во АН Армении
_c1991
650 7 _a9 Географія. Біографії. Історія
_2UDC
999 _c373574
_d373574